000 01004nam0a22002651 4500
001 rc\2195880
005 20260406180357.0
035 _a(NLR Aleph) 006613840
090 _a7377427
_c7377427
100 _a20110829d1978 |||y0rusy50 ca
101 0 _arus
102 _aRU
105 _ay z |||||
200 1 _aМетодическое пособие по проведению закаливающих процедур в дошкольных детских учреждениях Эстонской ССР
_fТарт. гос. ун-т. Каф. гигиены
210 _aТарту
_cБ. и.
_d1978
215 _a9 с.
_d20
300 _aВ вып. дан. сост.: М. Нийт
702 1 _aНийт
_bМ.
_gМалле
_4220
712 0 2 _aТартуский университет
_bКафедра гигиены
_3RU\NLR\AUTH\889944921
_9385127
801 0 _aRU
_bNLR
_gpsbo
801 1 _aRU
_bELAR
_2rusmarc
852 _aNLR
_j78-4/8751
899 _aRuMoRGB
_jM 78-12/4212
942 _cBOOK
980 _aNB